|
|
|
|
| LEADER |
00842cam a2200253 7i4500 |
| 001 |
0000032233 |
| 005 |
20160620090000.0 |
| 007 |
##ta |
| 008 |
160620s2014 ctu 001 0 eng d |
| 020 |
# |
# |
|a 9780300186833
|
| 040 |
# |
# |
|a StDuBDS
|
| 090 |
0 |
0 |
|a B 341.42
|b HAY
|
| 100 |
1 |
# |
|a Hayton, Bill
|e author
|
| 245 |
1 |
4 |
|a THE SOUTH CHINA SEA :
|b THE STRUGGLE FOR POWER IN ASIA
|c Bill Hayton.
|
| 264 |
# |
1 |
|a New Haven:
|b Yale University Press,
|c 2014.
|
| 300 |
# |
# |
|a xviii, 298 pages;
|c 25 cm.
|
| 336 |
# |
# |
|a text
|2 rdacontent
|
| 337 |
# |
# |
|a unmediated
|2 rdamedia
|
| 338 |
# |
# |
|a volume
|2 rdacarrier
|
| 500 |
# |
# |
|a Includes index
|
| 651 |
# |
0 |
|a South China Sea --
|x International status
|
| 651 |
# |
0 |
|a South China Sea --
|x Boundaries
|
| 651 |
# |
0 |
|a China --
|x Foreign relations --
|y 21st century
|
| 999 |
|
|
|a B000036000
|b Book
|c Regions
|e Business Information Centre
|